[Event "Warsaw Najdorf Memorial op-A"]
[Site "Warsaw"]
[Date "2022.07.17"]
[Round "9"]
[White "Sacharewicz, Krzysztof"]
[Black "Pires, Emanuel Joao Robart"]
[Result "0-1"]
[WhiteElo "1832"]
[BlackElo "2062"]
[PlyCount "86"]
[EventDate "2022.07.09"]
[EventType "swiss"]
[EventRounds "9"]
[EventCountry "POL"]
[SourceTitle "CBM 209 Extra"]
[Source "ChessBase"]
[SourceDate "2022.09.30"]
[SourceVersion "1"]
[SourceVersionDate "2022.09.30"]
[SourceQuality "1"]

1. d4 d5 2. Nf3 Nc6 3. g3 Bf5 4. Bg2 e6 5. 0-0 Be7 6. c4 Nf6 7. Qb3 0-0 8. Bd2 dxc4 9. Qxc4 Ne4 10. Be3 Nb4 11. Nbd2 b5 12. Qb3 a5 13. Nxe4 Bxe4 14. Ne5 a4 15. Qc3 Nxa2 16. Rxa2 Bxg2 17. Nc6 Bxc6 18. Qxc6 Qd5 19. Qxd5 exd5 20. Bf4 Rfc8 21. Rd1 g5 22. Be3 f6 23. Raa1 Kf7 24. Rdc1 Ke6 25. f4 g4 26. h3 gxh3 27. Kh2 Ra6 28. Kxh3 Kf5 29. Kg2 Ke4 30. Bf2 b4 31. Rh1 a3 32. Rxh7 Bd6 33. bxa3 bxa3 34. Ra2 Rb8 35. e3 Rb2 36. Ra1 a2 37. Rhh1 Rc6 38. g4 Rcc2 39. Rhf1 c5 40. dxc5 Bxc5 41. Rae1 Rb1 42. Rxb1 axb1Q 43. Rxb1 Bxe3 0-1

[Event "Warsaw Najdorf Memorial op-A"]
[Site "Warsaw"]
[Date "2022.07.11"]
[Round "3"]
[White "Sacharewicz, Krzysztof"]
[Black "Harazinska, Magdalena"]
[Result "1/2-1/2"]
[WhiteElo "1832"]
[BlackElo "1976"]
[PlyCount "78"]
[EventDate "2022.07.09"]
[EventType "swiss"]
[EventRounds "9"]
[EventCountry "POL"]
[SourceTitle "CBM 209 Extra"]
[Source "ChessBase"]
[SourceDate "2022.09.30"]
[SourceVersion "1"]
[SourceVersionDate "2022.09.30"]
[SourceQuality "1"]

1. e4 c5 2. Nf3 e6 3. c3 Nf6 4. e5 Nd5 5. d4 cxd4 6. cxd4 Nc6 7. Nc3 d6 8. Nxd5 exd5 9. exd6 Bxd6 10. Be2 0-0 11. 0-0 Bf5 12. Be3 Rc8 13. Rc1 Qb6 14. Bd3 Bxd3 15. Qxd3 Qxb2 16. Rb1 Qxa2 17. Rxb7 Nb4 18. Qf5 Qa6 19. Ng5 g6 20. Qh3 h5 21. Nxf7 Bxh2+ 22. Qxh2 Qxb7 23. Nd6 Qc7 24. Nxc8 Qxh2+ 25. Kxh2 Rxc8 26. Ra1 Rc7 27. Ra5 Rd7 28. Kg3 Kf7 29. Rb5 Nc2 30. Rb8 Nxe3 31. fxe3 g5 32. Kf3 Kf6 33. Rh8 Kg6 34. Rg8+ Kf6 35. Rh8 h4 36. Kg4 Rg7 37. Rh6+ Rg6 38. Rh7 Rg7 39. Rh6+ Rg6 1/2-1/2

[Event "Warsaw Najdorf Memorial op-A"]
[Site "Warsaw"]
[Date "2022.07.09"]
[Round "1"]
[White "Sacharewicz, Krzysztof"]
[Black "Szewczyk, Mariusz1111"]
[Result "0-1"]
[WhiteElo "1832"]
[BlackElo "2103"]
[PlyCount "108"]
[EventDate "2022.07.09"]
[EventType "swiss"]
[EventRounds "9"]
[EventCountry "POL"]
[SourceTitle "CBM 209 Extra"]
[Source "ChessBase"]
[SourceDate "2022.09.30"]
[SourceVersion "1"]
[SourceVersionDate "2022.09.30"]
[SourceQuality "1"]

1. d4 d5 2. Nf3 Nf6 3. c4 c6 4. Nc3 e6 5. Bg5 Be7 6. e3 0-0 7. Bd3 Nbd7 8. 0-0 dxc4 9. Bxc4 b5 10. Bd3 a6 11. Rc1 c5 12. Bb1 c4 13. Ne4 Bb7 14. Nxf6+ Bxf6 15. Bf4 Qe7 16. Nd2 e5 17. dxe5 Nxe5 18. Ne4 Bxe4 19. Bxe4 Rad8 20. Qe2 Nd7 21. Bb1 Nc5 22. Rcd1 Na4 23. Qc2 g6 24. Rxd8 Rxd8 25. b3 cxb3 26. axb3 Nc3 27. Bg3 b4 28. e4 Rd4 29. f3 Qd8 30. Be1 Rd7 31. f4 Bd4+ 32. Kh1 Bg7 33. Kg1 Qb6+ 34. Bf2 Bd4 35. h3 Bxf2+ 36. Qxf2 Qxf2+ 37. Kxf2 Rd2+ 38. Kf3 a5 39. f5 f6 40. fxg6 hxg6 41. g4 Kg7 42. Ke3 Rb2 43. Bd3 Rxb3 44. g5 fxg5 45. e5 Nd5+ 46. Kd4 Nf4 47. Bc4 Rxh3 48. Rg1 b3 49. Kc5 Re3 50. Kd6 a4 51. e6 Nxe6 52. Bxe6 Rxe6+ 53. Kxe6 b2 54. Kd5 a3 0-1

[Event "Warsaw-ch 68th"]
[Site "Warsaw"]
[Date "2019.11.14"]
[Round "3"]
[White "Liberadzki, Slawomir"]
[Black "Sacharewicz, Krzysztof"]
[Result "1-0"]
[WhiteElo "1999"]
[BlackElo "1860"]
[PlyCount "77"]
[EventDate "2019.11.12"]
[EventType "swiss"]
[EventRounds "9"]
[EventCountry "POL"]
[SourceTitle "CBM 193 Extra"]
[Source "ChessBase"]
[SourceDate "2020.01.31"]
[SourceVersion "1"]
[SourceVersionDate "2020.01.31"]
[SourceQuality "1"]

1. c4 e5 2. Nc3 Nc6 3. g3 f5 4. Bg2 Nf6 5. d3 Bb4 6. Bd2 d6 7. a3 Bxc3 8. Bxc3 0-0 9. b4 Qe8 10. b5 Nd8 11. e3 c6 12. bxc6 bxc6 13. Ne2 Rb8 14. Qa4 a6 15. 0-0 Qg6 16. c5 f4 17. exf4 Qxd3 18. fxe5 Nd7 19. Qd1 Qxd1 20. Rfxd1 dxe5 21. Bh3 Nxc5 22. Bxe5 Ra8 23. Bg2 Bg4 24. Bd6 Bxe2 25. Re1 Re8 26. Bxc5 Bh5 27. Rec1 Re6 28. Bb6 Be8 29. a4 Rh6 30. a5 Nf7 31. Rc5 Rc8 32. Bf1 Ra8 33. Re1 Nd6 34. Rce5 Bf7 35. Be3 Re6 36. Rxe6 Bxe6 37. Bf4 Bf5 38. Be3 Be6 39. Bf4 1-0

[Event "Warsaw-ch 68th"]
[Site "Warsaw"]
[Date "2019.11.13"]
[Round "2"]
[White "Sacharewicz, Krzysztof"]
[Black "Sadowski, Miroslaw"]
[Result "1/2-1/2"]
[WhiteElo "1860"]
[BlackElo "1998"]
[PlyCount "52"]
[EventDate "2019.11.12"]
[EventType "swiss"]
[EventRounds "9"]
[EventCountry "POL"]
[SourceTitle "CBM 193 Extra"]
[Source "ChessBase"]
[SourceDate "2020.01.31"]
[SourceVersion "1"]
[SourceVersionDate "2020.01.31"]
[SourceQuality "1"]

1. a3 g6 2. c4 c5 3. Nf3 Nc6 4. g3 Bg7 5. Bg2 d6 6. Nc3 Nh6 7. 0-0 0-0 8. Rb1 a5 9. d3 Nf5 10. Nb5 Nfd4 11. Nbxd4 Nxd4 12. Nxd4 Bxd4 13. b4 axb4 14. axb4 Ra7 15. Bb2 Bxb2 16. Rxb2 cxb4 17. Rxb4 Qa5 18. Qb3 Qa2 19. Qxa2 Rxa2 20. e3 Bf5 21. d4 Bd3 22. Rc1 Rfa8 23. Rxb7 Ra1 24. Rbb1 Rxb1 25. Rxb1 Rc8 26. Rc1 Rxc4 1/2-1/2

[Event "Olomouc op 22nd"]
[Site "Olomouc"]
[Date "2019.08.10"]
[Round "1"]
[White "Sacharewicz, Krzysztof"]
[Black "Hoerr, Matthias"]
[Result "1-0"]
[WhiteElo "1797"]
[BlackElo "2193"]
[PlyCount "101"]
[EventDate "2019.08.10"]
[EventType "swiss"]
[EventRounds "9"]
[EventCountry "CZE"]
[SourceTitle "CBM 191 Extra"]
[Source "ChessBase"]
[SourceDate "2019.09.30"]
[SourceVersion "1"]
[SourceVersionDate "2019.09.30"]
[SourceQuality "1"]

1. e4 c5 2. Nf3 e6 3. c3 Nf6 4. e5 Nd5 5. d4 cxd4 6. cxd4 d6 7. Nc3 Nxc3 8. bxc3 Qc7 9. Qb3 Nd7 10. exd6 Bxd6 11. Ba3 0-0 12. Bxd6 Qxd6 13. Be2 b6 14. 0-0 Bb7 15. Rfd1 Qf4 16. c4 Nf6 17. Qe3 Qxe3 18. fxe3 Rac8 19. a4 Ne4 20. Bf1 Nd6 21. Nd2 Ba6 22. Rdc1 Nb7 23. Nb3 Rc6 24. a5 Nxa5 25. Nxa5 bxa5 26. Rxa5 Rfc8 27. c5 Bxf1 28. Kxf1 a6 29. Rca1 Ra8 30. e4 Kf8 31. d5 exd5 32. exd5 Rf6+ 33. Ke2 Rf5 34. d6 Rd5 35. Kf3 f5 36. Rxa6 Rc8 37. Rc1 h5 38. Kf4 Kf7 39. Ra7+ Kf6 40. d7 g5+ 41. Kf3 Rb8 42. Rc2 Rb4 43. g3 h4 44. c6 hxg3 45. c7 Rd3+ 46. Ke2 Rxd7 47. c8Q Re4+ 48. Kf3 Rxa7 49. Qh8+ Ke6 50. Qh6+ Kd7 51. Qc6+ 1-0

[Event "Wroclaw op"]
[Site "Wroclaw"]
[Date "2018.08.03"]
[Round "8"]
[White "Guzewicz, Rafal"]
[Black "Sacharewicz, Krzysztof"]
[Result "1-0"]
[WhiteElo "2094"]
[BlackElo "1775"]
[PlyCount "72"]
[EventDate "2018.07.30"]
[EventType "swiss"]
[EventRounds "9"]
[EventCountry "POL"]
[SourceTitle "CBM 185 Extra"]
[Source "ChessBase"]
[SourceDate "2018.07.29"]
[SourceVersion "1"]
[SourceVersionDate "2018.07.29"]
[SourceQuality "1"]

1. d4 Nf6 2. Bf4 c5 3. e3 e6 4. c3 d5 5. Nd2 Bd6 6. Bg3 Bxg3 7. hxg3 cxd4 8. exd4 Nc6 9. Ngf3 0-0 10. Bd3 Re8 11. Ne5 g6 12. Ndf3 Nxe5 13. Nxe5 Nd7 14. Nxf7 Kxf7 15. Rxh7+ Kg8 16. Bxg6 Qg5 17. Rh4 Rd8 18. Rg4 Qh6 19. Qf3 Rf8 20. Bf7+ Kh8 21. Rh4 Qxh4 22. gxh4 Kg7 23. Kf1 Nb6 24. Re1 Nc4 25. Qf4 Bd7 26. b3 Nb6 27. Re3 Rxf7 28. Rg3+ Kf8 29. Qd6+ Re7 30. h5 Bb5+ 31. Kg1 Nc8 32. Qe5 Ke8 33. h6 Kd7 34. Rg7 Nd6 35. h7 Nf7 36. Rxf7 Rxf7 1-0

[Event "Wroclaw op"]
[Site "Wroclaw"]
[Date "2018.08.03"]
[Round "7"]
[White "Sacharewicz, Krzysztof"]
[Black "Kowalczyk, Rafal"]
[Result "0-1"]
[WhiteElo "1775"]
[BlackElo "2209"]
[PlyCount "30"]
[EventDate "2018.07.30"]
[EventType "swiss"]
[EventRounds "9"]
[EventCountry "POL"]
[SourceTitle "CBM 185 Extra"]
[Source "ChessBase"]
[SourceDate "2018.07.29"]
[SourceVersion "1"]
[SourceVersionDate "2018.07.29"]
[SourceQuality "1"]

1. e4 e5 2. Nf3 Nc6 3. Bc4 Bc5 4. c3 Nf6 5. d4 exd4 6. e5 d5 7. Bb5 Ne4 8. cxd4 Bb6 9. Nc3 0-0 10. h3 f6 11. Bxc6 bxc6 12. 0-0 fxe5 13. Nxe5 Nxf2 14. Qh5 Bxd4 15. Nf3 Ne4+ 0-1

[Event "Poznan op 25th"]
[Site "Poznan"]
[Date "2017.08.22"]
[Round "4"]
[White "Sacharewicz, Krzysztof"]
[Black "Nadstoga, Wojciech"]
[Result "1/2-1/2"]
[WhiteElo "1800"]
[BlackElo "1926"]
[PlyCount "162"]
[EventDate "2017.08.20"]
[EventType "swiss"]
[EventRounds "9"]
[EventCountry "POL"]
[SourceTitle "CBM 180 Extra"]
[Source "ChessBase"]
[SourceDate "2017.10.06"]
[SourceVersion "1"]
[SourceVersionDate "2017.10.06"]
[SourceQuality "1"]

1. d4 Nf6 2. Nf3 g6 3. c4 Bg7 4. Nc3 d6 5. Bf4 0-0 6. e3 c6 7. Be2 a5 8. h3 Na6 9. 0-0 Bd7 10. a3 Ne8 11. Qd2 Rb8 12. Rfb1 b5 13. b4 a4 14. Ra2 Nac7 15. e4 f6 16. Bh6 e5 17. Rd1 Bxh6 18. Qxh6 Qe7 19. Rad2 Be6 20. d5 cxd5 21. cxd5 Bd7 22. Qe3 Rb7 23. Rc2 Kh8 24. Nh2 f5 25. Bd3 f4 26. Qf3 h5 27. Be2 Nf6 28. Qd3 g5 29. f3 Rg8 30. Rdc1 Nce8 31. Nd1 g4 32. fxg4 hxg4 33. hxg4 Qh7 34. Nf2 Qh4 35. Qh3 Qh7 36. Qxh7+ Kxh7 37. Bf3 Kg6 38. Rc3 Kf7 39. Be2 Ke7 40. g3 Kd8 41. gxf4 exf4 42. Kg2 Rc7 43. Rxc7 Nxc7 44. Kf3 Rf8 45. Rh1 Bc8 46. Nf1 Bb7 47. Bd3 Nd7 48. Nd2 Ne5+ 49. Ke2 Rg8 50. Nf3 Nxg4 51. Rg1 Nf6 52. Rxg8+ Nxg8 53. Nd4 Ba6 54. Nh3 Nh6 55. Nxf4 Ng4 56. Nfe6+ Nxe6 57. Nxe6+ Kc8 58. Nd4 Ne5 59. Bxb5 Bxb5+ 60. Nxb5 Kd7 61. Ke3 Ke7 62. Kd4 Nf3+ 63. Kc3 Kd7 64. Nd4 Ng5 65. Kd3 Kc8 66. Ne2 Nf3 67. Nc3 Ne5+ 68. Kd4 Nf3+ 69. Kc4 Kb7 70. Nxa4 Nd2+ 71. Kd3 Nb1 72. Nb2 Nxa3 73. Nc4 Nb5 74. Nxd6+ Nxd6 75. e5 Ne8 76. Ke4 Kc7 77. Kf5 Kd7 78. Kg6 Nc7 79. d6 Ne8 80. Kf5 Nxd6+ 81. exd6 Kxd6 1/2-1/2

[Event "Poznan op 25th"]
[Site "Poznan"]
[Date "2017.08.20"]
[Round "1"]
[White "Zielinski, Tomasz"]
[Black "Sacharewicz, Krzysztof"]
[Result "0-1"]
[WhiteElo "1215"]
[BlackElo "1800"]
[PlyCount "98"]
[EventDate "2017.08.20"]
[EventType "swiss"]
[EventRounds "9"]
[EventCountry "POL"]
[SourceTitle "CBM 180 Extra"]
[Source "ChessBase"]
[SourceDate "2017.10.06"]
[SourceVersion "1"]
[SourceVersionDate "2017.10.06"]
[SourceQuality "1"]

1. e4 c5 2. Nf3 d6 3. d4 cxd4 4. Qxd4 Nc6 5. Bb5 Bd7 6. Bxc6 Bxc6 7. c4 Nf6 8. Nc3 g6 9. 0-0 Bg7 10. Qd3 0-0 11. Be3 Nd7 12. Nd2 b6 13. f3 Rc8 14. Rac1 Bb7 15. b3 Nc5 16. Qe2 Qd7 17. Rfd1 f5 18. Bf2 Qe6 19. exf5 Qxe2 20. Nxe2 Nd3 21. Rc2 Nxf2 22. Kxf2 gxf5 23. Nb1 d5 24. Na3 dxc4 25. Nxc4 b5 26. Ne3 Rxc2 27. Nxc2 e5 28. Rd7 Rf7 29. Rxf7 Kxf7 30. Ng3 Ke6 31. Ke2 Bf8 32. Kd3 a5 33. a3 Bd5 34. b4 Bc4+ 35. Kc3 axb4+ 36. axb4 Bd6 37. Na3 f4 38. Ne4 Bf1 39. Nxd6 Kxd6 40. g3 fxg3 41. hxg3 Kc6 42. Nc2 Be2 43. f4 Kd5 44. Ne3+ Ke4 45. Ng2 Kf3 46. fxe5 Kxg2 47. e6 Kxg3 48. e7 Bh5 49. Kd4 Be8 0-1